Infaasul Arifeen (Record no. 11192)

MARC details
000 -LEADER
fixed length control field 00574nam a2200241 a 4500
020 ## - INTERNATIONAL STANDARD BOOK NUMBER
ISBN
082 00 - DEWEY DECIMAL CLASSIFICATION NUMBER
Classification number 297.4
Author Cutter WAL2
100 ## - MAIN ENTRY--AUTHOR NAME
Author name Waliullah, Shah
245 ## - TITLE STATEMENT
Title Infaasul Arifeen
260 ## - PUBLICATION, DISTRIBUTION, ETC. (IMPRINT)
Place of publication Delhi
Name of publisher Maktaba Alhasnat
Year of publication 0000
300 ## - PHYSICAL DESCRIPTION
Number of Pages 415p
500 ## - GENERAL NOTE
General note includes index and biblioraphy
505 2# - FORMATTED CONTENTS NOTE
Formatted contents note Appendix, References, Index
650 ## - SUBJECT ADDED ENTRY--TOPICAL TERM
Topical Term Sufism
942 ## - ADDED ENTRY ELEMENTS (KOHA)
Koha item type Books
700 1# -
-- Waliullah, Shah
Holdings
Collection code Home library Current library Date acquired Cost, normal purchase price Full call number Accession Number Koha item type
  Henry Martyn Institute Library Henry Martyn Institute Library 01/06/2009 60.00 297.4 WAL2 016149 Books
                   Copyright © 2026 | Henry Martyn Institute | Hyderabad | TS-500052 | INDIA | Implemented by hmi.edu.in
Hit-Count:

Powered by Koha